Nový model riadenia hospodárskej diplomacie Slovenskej republiky

Uložené v:
Podrobná bibliografia
Hlavný autor: Ivanová, Eva
Médium: Kapitola
Jazyk:Slovak
Tagy: Pridať tag
Žiadne tagy, Buďte prvý, kto otaguje tento záznam!

MARC

LEADER 00000nla a2200000 4500
001 0234339
005 20240502073812.6
041 0 |a slo 
044 |a SK 
245 1 0 |a Nový model riadenia hospodárskej diplomacie Slovenskej republiky  |c Eva Ivanová 
100 1 |a Ivanová, Eva